| 000 | 00727nam a2200205Ii 4500 | ||
|---|---|---|---|
| 003 | JO-AjNU | ||
| 008 | 230605s9999||||xx |||||||||||||| ||und|| | ||
| 040 |
_aJO-AjNU _bara _erda _cJO-AjNU |
||
| 041 | _aara | ||
| 050 | 1 | 4 | _aQA11.A28 2018 |
| 100 | 3 |
_aأبوبكر، عيد احمد , _eauthor _957991 |
|
| 245 | 0 | 0 | _aأساسيات الرياضيات التجارية وتطبيقاتها الاقتصادية والادارية |
| 250 | _aط1 | ||
| 264 | 3 | 1 | _aعمان: دار صفاء للنشر والتوزيع، 2018 |
| 300 | _a480ص | ||
| 336 |
_atext _btxt _2rdacontent |
||
| 337 |
_aunmediated _bn _2rdamedia |
||
| 338 |
_avolume _bnc _2rdacarrier |
||
| 650 | 4 |
_aالرياضيات التجارية - اسس _957992 |
|
| 999 |
_aA26019 _c29587 _d29587 |
||